000 03005nkm0a2200517 4500
001 RU\NLR\BIBL_A\022644225
005 20251127233339.0
035 _a(NLR Aleph) 022644225
071 5 0 _a441
_d5 коп.
_91000
090 _a88916
_c88916
100 _a20251015d1929 u y0rusy50 ca
101 0 _arus
102 _aRU
116 _adiybxx zz ae
135 _acrcn 024anaba
181 0 _ab4
_bxb2e
182 0 _an
200 1 _aДагестан
_iГ. Буйнакск
_iБуйнакская улица
_eпочтовая карточка
203 _aИзображение
_bнеподвижное
_bдвухмерное
_bвизуальное
_cнепосредственное
210 _a[Москва]
_cИзд. Всесоюзное контрагентство печати
_d[1929?
_eМосква]
_gФотот. пр. к. т-ва "Артель фототипов"
215 _a1 л.
_cфототип.
_d10,4х14,7
300 _aЦенз. разрешение: Главлит № А-13720
301 _aИзд. номер: № 441
325 _aКопия доступна в Электрон. б-ке РНБ
540 1 _aДагестан. Город Буйнакск. Буйнакская улица
606 1 _aПочтовые открытки маркированные художественные
_yСССР
_z1917 - 1941
_2nlr_sh2
_3RU\NLR\AUTH\6601555037
606 1 _aФотографические открытки
_2nlr_sh2
_3RU\NLR\AUTH\661600135
610 1 _aВидовые открытки
617 _aСССР
_bДагестанская АССР
_dБуйнакск, город
_kБуйнакская улица
686 0 _aЩ153(2)7-489
712 0 2 _aВсесоюзное контрагентство печати
_3RU\NLR\AUTH\885157
_4650
712 0 2 _a"Артель фототипов", промысловое кооперативное товарищество
_cМосква
_bФототипия
_3RU\NLR\AUTH\880372943
_4610
830 _aОткрытка датирована по экз. РНБ на шифре Э ОТ63/Б905, инв.66215: на адресной стороне штамп, содержащий год поступления в РНБ: "Гос. Публичн. Б-ка 1929. Об. экз. Лнгр.", 1393. АЯ ОЭФ
852 0 0 _aNLR
_bЭ
_jОТ63/Б905
_mинв.66215
856 0 _uhttps://vivaldi.nlr.ru/lo000072283/view
856 1 _uhttps://vivaldi.nlr.ru/lo000072283/cover
856 2 _uhttps://vivaldi.nlr.ru/lo000072283/text
901 _eИзографические материалы
942 _cVISUAL
945 _aРоссийская национальная библиотека
980 _aBV
980 _aNB
981 1 7 _a(17) Изографические материалы
_b(17) Открытки